00430 a2200133 4500020001500000020001800015082001000033100001400043245015800057250001200215260003100227300002100258700001700279 a9813083123 a978981308312704a523.81 aSen, K.K.10aRadiative transfer in moving media :bbasic mathematical methods for radiative transfer in spherically symmetrical moving media /cK.K. Sen, S.J. Wilson. a1st ed. a[S.l.] :bSpringer,c1998. a254 p. ;c25 cm.1 aWilson, S.J.